| 000 | 01250nam a2200301 c 4500 | ||
|---|---|---|---|
| 999 |
_c200261 _d200261 |
||
| 003 | BLK | ||
| 005 | 20200806194035.0 | ||
| 008 | 180411b bul|||||r ||||||| ||bul|| | ||
| 010 | _aKNG00209678000 | ||
| 040 | _aBLK | ||
| 041 |
_aBUL _cBUL |
||
| 080 |
_aГеография на Южна Америка _b918 _x(81) _z918(81) |
||
| 100 | 1 |
_aРатай, Карел _eпърви автор _9115340 |
|
| 139 |
_aРатай, Карел _bР 38 |
||
| 245 | 1 | 0 |
_aВ джунглите на Амазония _bПътепис _cКарел Ратай; прев. от чеш. Маргарита Кюркчиева; с предг. от Петър Берон. |
| 257 | _aBGR | ||
| 260 |
_bЗемиздат _c1987 |
||
| 300 |
_a224 с. _bс ил., к., 12 л. цв. ил. _c20 см |
||
| 380 | _a91 | ||
| 490 | 1 | _aБиблиотека Екологичен свят | |
| 700 | 1 |
_aКюркчиева, Маргарита _eпрев. от чеш. _9371698 |
|
| 700 | 1 |
_aБерон, Петър _eс предг. от _gАтанасов, Петър Хаджиберович _9380796 |
|
| 852 | _aЦб 147982 | ||
| 856 | 4 | _qpdf | |
| 856 | 4 | _qpdf | |
| 942 |
_cKNG _n0 _s1 |
||
| 944 |
_aCR _c08.02.2018 _kХристина_Везирева |
||
| 944 |
_aED _c08.02.2018 _kХристина_Везирева |
||
| 999 | _d200261 | ||